Reflexiones sobre el desarrollo económico de América Latina y el Caribe

Saved in:
Bibliographic Details
Corporate Author: Naciones Unidas
Format: Text
Published: San José: CEPAL
Tags: Add Tag
No Tags, Be the first to tag this record!

MARC

LEADER 00000 a a2200000 04500
001 24736
003
040
090 |a 173300  
110 |a Naciones Unidas  
245 |a Reflexiones sobre el desarrollo económico de América Latina y el Caribe  
260 |a San José:   |b CEPAL  
300 |a 10 p.  
999 |c 15307  |d 15307